000 00700nam a2200145 a 4500
008 071129s2005 ||||||||||||||||| || u
050 _aTHESIS/STUDENT
100 _aMulenga Christopher
245 1 3 _aAn evaluation of the 1999 Forest Act,Cap199 for effective protection of natural forests in Zambia: a case of Mukutuma in Lufwanyama District
260 _aKitwe
_bCopperbelt University, School of Built Environment, Department of Planning and Land Economy
_c2005
350 _a0.00
650 _aFOREST ACT--ZAMBIA
650 _aLAND
995 _D0.00
_FCBU-MAIN LIBRARY (Kitwe)
_H1
_I0.00
_M1
_UAVAILABLE
_WNov 29, 2007
_ZUniversity Collection
999 _c42692
_d42692